Kirpi ile tilki (Record no. 9594)
[ view plain ]
| 000 -BAŞLIK | |
|---|---|
| Sabit Uzunlukta Kontrol Alanı | 01047na a2200313 4500 |
| 001 - KONTROL NUMARASI | |
| Denetim Alanı | 12633 |
| 003 - KONTROL NUMARASI IDENTIFIER | |
| Denetim Alanı | MIRAKIL |
| 005 - SON İŞLEM TARİHİ VE ZAMANI | |
| Denetim Alanı | 20181213155252.0 |
| 008 - SABİT-BOY VERİ ELEMANLARI - GENEL BİLGİLER | |
| Sabit Uzunlukta Kontrol Alanı | 160812b tu 000 0 |
| 020 ## - ULUSLARARASI STANDART KİTAP NUMARASI | |
| Uluslararası Standart Kitap Numarası | 9786053990529 |
| 035 ## - SİSTEM KONTROL NUMARASI | |
| Sistem Kontrol Numarası | 12633 |
| 040 ## - KATALOGLAMA KAYNAK | |
| Orijinal Kataloglama Ajansı | Milas |
| Kataloglama Dili | tur |
| Metne Dönüştürmek Ajansı | TR-AnCHP |
| 082 ## - DEWEY ONLU SINIFLANDIRMA NUMARASI | |
| Sınıflandırma Numarası | 109 |
| Ürün Numarası | B36k 2008 |
| 090 ## - SINIFLAMA NUMARASI | |
| Sınıflama Numarası | 109 B36k 2008 |
| 100 ## - ANA GİRİŞ - KİŞİSEL İSİM | |
| Kişisel Ad | Berlin, Isaiah |
| Bir Adıyla İlişkilendirilen Tarihler | 1909-1997 |
| 245 ## - BAŞLIK TABLOSU | |
| Başlık | Kirpi ile tilki |
| Başlığın Kalan | Seçme makaleler |
| Sorumluluk Tablosu, Vb | Isaiah Berlin ; Derleyen Murat Borovali ; Çevirenler Mete Tunçay, Zeynep Mertoğlu. |
| 260 ## - YAYIN, DAĞITIM, VB | |
| Yayın, Dağıtım, Vb Yeri | İstanbul |
| Yayıncı, Dağıtıcı, Vs Adı | İstanbul Bilgi Üniversitesi Yayınları |
| Yayın, Dağıtım, Vb Tarihi | 2008. |
| 300 ## - FİZİKSEL TANIM | |
| Kapsam | 342 s. |
| Boyutlar | 23 sm. |
| 490 ## - SERİSİ TABLOSU | |
| Seri Beyanı | Çağdaş Siyaset Felsefesi |
| Hacim / Ardışık Tanımı | 7 |
| 490 ## - SERİSİ TABLOSU | |
| Seri Beyanı | İstanbul Bilgi Üniversitesi yayınları |
| Hacim / Ardışık Tanımı | 215 |
| 500 ## - GENEL NOT | |
| Genel Not | Özgün yapıt adı : The hedgehog and the fox : The counter enlightenment |
| 504 ## - KAYNAKÇA VB NOT | |
| Kaynakça Vb Notu | Dizin var. |
| 600 ## - KONU KATMA GİRİŞ - KURUMSAL ADI | |
| Kişisel Ad | Tolstoy, Leo |
| Bir Adıyla İlişkilendirilen Tarihler | 1828-1910 |
| Relator Terim | Tarih felsefesi |
| 650 ## - KONU KATMA GİRİŞ - TOPİKAL DÖNEM | |
| Topikal Süreli Veya Coğrafi Ad Giriş Elemanı | Tarih |
| Genel Alt Bölümü | Felsefe |
| 700 ## - KATMA GİRİŞ - KİŞİSEL İSİM | |
| Kişisel Ad | Mertoğlu, Zeynep |
| 700 ## - KATMA GİRİŞ - KİŞİSEL İSİM | |
| Kişisel Ad | Tunçay, Mete |
| 700 ## - KATMA GİRİŞ - KİŞİSEL İSİM | |
| Kişisel Ad | Borovali, Murat |
| 942 ## - EKLENDİ GİRİŞ ELEMANLARI (KOHA) | |
| Sınıflandırma Veya Raf Düzeni Kaynak | Dewey Decimal Classification |
| Koha Öğesi Türü | Books |
| 999 ## - SİSTEM KONTROL NUMARALARI (KOHA) | |
| Koha Biblionumber | 9594 |
| Koha Biblioitemnumber | 9594 |
| Kalıcı Konum | Mevcut Konum | Edinme Tarihi | Edinim Kaynak | Toplam Check-Out'Lar | Tam Çağrı Numarası | Barkod | Tarih Son Görülme | İtibaren Geçerli Fiyatlar | Koha Öğesi Türü |
|---|---|---|---|---|---|---|---|---|---|
| CHP Kütüphanesi | CHP Kütüphanesi | 07/29/2016 | Bağış | 109 B36k 2008 | 000500 | 07/29/2016 | 07/29/2016 | Books |
